Pays qui importent le plus d'armes - Statistiques

Statistiques générales
  • Ce quiz a été pris 7 129 fois
    6 863 depuis la dernière actualisation
  • Le résultat moyen est 12 sur 18
Statistiques - réponses
Milliards Pays % Correct
7,5 États-Unis
94%
9,4 Chine
92%
25,9 Inde
83%
9,5 Japon
83%
5,5 Israël
78%
15,0 Ukraine
73%
8,6 Corée du Sud
72%
25,4 Arabie Saoudite
70%
10,4 Pakistan
70%
11,3 Australie
67%
12,3 Égypte
63%
6,1 Royaume-Uni
63%
9,2 Émirats Arabes Unis
61%
14,7 Qatar
58%
7,4 Algérie
57%
4,7 Indonésie
55%
6,2 Pologne
47%
4,8 Koweït
38%
Aucun quiz correspondant
Distribution des résultats
% des personnes avec chaque résultat
Percentile par nombre de réponses
Votre historique - résultats
Vous n’avez pas pris ce quiz depuis la dernière actualisation